000 00323nam a2200121Ia 4500
008 210430s9999 xx 000 0 und d
082 _a620.5 S9611 N
100 _aDr. Shalini Suri
_97233
245 _aNano Technology Basic Science
_cDr. Shalini Suri
260 _aIndia
_bA P H
_c2009
300 _a293P
942 _cBK
_2ddc
999 _c564793
_d564793